000 00516nam a2200193Ia 4500
005 20250508163707.0
008 008 250505s9999 xx 000 0 hin d
020 _a0-06-041964-4
037 _aTextual
040 _aFEDL
_beng
_cFEDL
041 _ahin
_2eng
084 _a371.2, BHU
_qFEDL
100 _aBhujangarao T S
_9776015
245 0 _aVidyalaya darpan
260 _aDelhi, India
_bSavita Prakashan
_c1991
300 _axi,244p.
942 _cTEXL
_h371.2, BHU
999 _c1384745
_d1384745